| 000 | 01144nam a22002537a 4500 | ||
|---|---|---|---|
| 005 | 20170123164153.0 | ||
| 010 | _aA-978281 | ||
| 020 | _c30.00 | ||
| 035 | _aA-978281 | ||
| 037 | _aCen Lib / Ret | ||
| 040 |
_aDPL _bPN |
||
| 082 |
_a260 _bਢਿੱਲੋਂਗੁ |
||
| 100 |
_aਢਿੱਲੋਂ, ਗੁਰਪ੍ਰੀਤ ਕੌਰ _949213 |
||
| 245 |
_aਸ੍ਰੀ ਗੁਰੂ ਗੋਬਿੰਦ ਸਿੰਘ ਜੀ ਦੀ ਬਖ਼ਸ਼ਿਸ਼ ਗੁਰ-ਵਸਤਾਂ ਦਾ ਇਤਿਹਾਸ / _cਗੁਰਪ੍ਰੀਤ ਕੌਰ ਢਿੱਲੋਂ |
||
| 246 |
_aSri guru gobind singh ji di bakhshish gur-vastan da ithas / _bby Gurprit Kaur Dhillon |
||
| 260 |
_aਦਿੱਲੀ _bਮਨਪ੍ਰੀਤ ਪ੍ਰਕਾਸ਼ਨ _c1999 |
||
| 270 |
_a16/16 (1st Floor) ਗੀਤਾ ਕਾਲੋਨੀ _bਦਿੱਲੀ _e110031 |
||
| 300 |
_a40p. _c22cm(pbk) _bill |
||
| 650 |
_aਪੰਜਾਬੀ ਸਾਹਿਤ _9141217 |
||
| 650 |
_aਸਿਖ -- ਧਰਮ _93457 |
||
| 650 |
_aPunjabi Literature _9141218 |
||
| 650 |
_aSikh - Religion _979271 |
||
| 942 |
_2ddc _cPN _h260 _mਢਿੱਲੋਂਗੁ |
||
| 999 |
_c110528 _d110528 |
||